Poesía inglesa / (Record no. 120323)

MARC details
000 -LEADER
campo de control de longitud fija 00545nam a2200193 4500
001 - NÚMERO DE CONTROL
campo de control 120323
003 - IDENTIFICADOR DE NÚMERO DE CONTROL
campo de control ES-MaACL
005 - FECHA Y HORA DE LA ÚLTIMA TRANSACCIÓN
campo de control 20231218150757.0
007 - CAMPO FIJO DE DESCRIPCIÓN FÍSICA--INFORMACIÓN GENERAL
campo de control de longitud fija t|
008 - DATOS DE LONGITUD FIJA--INFORMACIÓN GENERAL
campo de control de longitud fija 070214s1979 sp r ||||1| spa d
245 00 - MENCIÓN DEL TÍTULO
Título Poesía inglesa /
Mención de responsabilidad, etc. traducción de José Siles Artés.
250 ## - MENCION DE EDICION
Mención de edición 1ª. ed.
260 ## - PUBLICACIÓN, DISTRIBUCIÓN, ETC.
Lugar de publicación, distribución, etc. Barcelona :
Nombre del editor, distribuidor, etc. Marfel,
Fecha de publicación, distribución, etc. 1979.
300 ## - DESCRIPCIÓN FÍSICA
Extensión 169 p. ;
Dimensiones 21 cm.
500 ## - NOTA GENERAL
Nota general Antología bilingüe.
700 1# - ENTRADA AGREGADA--NOMBRE PERSONAL
Nombre de persona Siles Artés, José,
Fechas asociadas al nombre 1930-
9 (RLIN) 106341
852 ## - LOCALIZACIÓN
Ubicación ES-MaACL
Número de control de estantería L-5375
Sublocalización o colección R.105659
Holdings
Estatus retirado Estado de pérdida Estado de daño No para préstamo Biblioteca de origen Biblioteca actual Ubicación en estantería Fecha de adquisición Fuente de adquisición Total de préstamos Signatura topográfica completa Código de barras Visto por última vez Precio de reemplazo Tipo de ítem Koha
        Biblioteca del Ateneo de Madrid Biblioteca del Ateneo de Madrid Depósito 2 17/01/2008     L-5375 1125414 23/02/2023 23/02/2023 Libro impreso